Autism Quiz - Statistics

General Stats
  • This quiz has been taken 29 times
  • The average score is 5 of 15
Answer Stats
Hint Answer % Correct
Mental health condition similar to autism. ADHD
75%
May not talk at all or may talk very little. Non verbal
63%
A famous scientist known to have autism. Albert Einstein
58%
Typically a small object used for pleasant but purposeless activity with the hands. Fidget
46%
When is World Autism Awareness Day. April 2nd
42%
Food that provides a feeling of nostalgia, comfort or a sentimental value to someone. Comfort food
42%
An intense focus on a specific topics. Special interest
42%
This behavior is thought to serve a variety of functions, such as calming and expression of feelings. Stimming
42%
The appropriate term used for a non autistic individual. Allistic
25%
A problems related to processing information from our 5 senses. Sensory issues
21%
A qualified professionals who have undergone specific training who assess people and diagnose them with autism. Psychologist
13%
A form of therapy that relaxes the nervous system by applying firm, gentle and even pressure to the body. Deep pressure therapy
8%
The country with the highest rate of diagnosed autism in the world. Qatar
4%
The median life expectancy of female with autism due to high rates of suicides. 39 years
0%
An alteration of environment, curriculum format, or equipment that allows an individual with a disability to pursue a relatively normal life. Accommodations
0%
No matching quizzes found
Score Distribution
Percent of People with Each Score
Percentile by Number Answered
Your Score History
You have not taken this quiz